| 000 | 00495nam a2200169Ia 4500 | ||
|---|---|---|---|
| 008 | 190805s9999||||xx |||||||||||||| ||und|| | ||
| 020 |
_a9781870077958 _c£ 45.00 |
||
| 082 | 0 | 4 |
_a623.893 _bN791 V.1 |
| 100 | 1 | _aNorris, A. | |
| 245 | 1 | 0 |
_aRadar and AIS / _cA. Norris |
| 260 |
_aLondon : _bThe Nautical Institute, _c2016 |
||
| 300 |
_axii, 147 p. _b : ill. _c; 24 cm. |
||
| 490 | 0 | 0 |
_aIntegrated Bridge Systems ; _vVol. 1 |
| 650 | 0 | _aRadar in navigation | |
| 942 | _cBK | ||
| 999 |
_c129 _d129 |
||